Statistics for IGN's Top 100 Video Games of All Time

Click here to take the quiz!

General Stats

  • This quiz has been taken 281 times
  • The average score is 27 of 100

Answer Stats

HintAnswer% Correct
14.Super Mario Bros.
73%
17.Grand Theft Auto V
67%
2.The Legend of Zelda: Ocarina of Time
61%
13.Halo: Combat Evolved
59%
35.The Legend of Zelda
55%
7.Tetris
53%
10.Super Mario 64
52%
9.Red Dead Redemption
50%
59.Grand Theft Auto: San Andreas
48%
76.The Elder Scrolls V: Skyrim
48%
99.Final Fantasy VII
47%
22.Half-Life
47%
36.Pokemon Yellow
47%
1.Super Mario World
47%
3.Portal
46%
24.Minecraft
45%
48.Ms. Pac-Man
45%
6.Super Mario Bros. 3
45%
67.Donkey Kong
44%
44.Resident Evil
44%
52.The Legend of Zelda: Majora's Mask
44%
19.Doom
43%
38.Final Fantasy VI
43%
29.Super Mario Galaxy
43%
26.The Legend of Zelda: Breath of the Wild
43%
82.Grand Theft Auto: Vice City
42%
23.Halo 2
42%
77.Super Smash Bros. Melee
42%
8.Half-Life 2
41%
20.The Last of Us
41%
11.Portal 2
39%
4.Super Metroid
39%
15.Street Fighter II
38%
30.Metal Gear Solid
37%
41.World of Warcraft
37%
27.BioShock
35%
57.Call of Duty 4: Modern Warfare
35%
32.Resident Evil 4
35%
5.The Legend of Zelda: A Link to the Past
34%
63.Fallout 3
33%
79.The Legend of Zelda: The Wind Waker
33%
31.The Witcher 3: Wild Hunt
31%
53.Uncharted 2: Among Thieves
30%
84.Super Mario Odyssey
29%
16.Dark Souls
28%
33.Metroid Prime
27%
51.Overwatch
27%
18.Chrono Trigger
26%
78.GoldenEye 007
26%
58.Mass Effect
25%
92.Fallout 2
24%
37.Mass Effect 2
23%
21.Metal Gear Solid 3: Snake Eater
23%
47.Counter-Strike 1.6
22%
89.Mega Man 3
22%
39.Metal Gear Solid 2: Sons of Liberty
22%
60.Silent Hill 2
22%
61.Super Mario World 2: Yoshi's Island
21%
90.League of Legends
19%
100.Pokemon Go
19%
65.The Sims
18%
43.Diablo II
17%
42.StarCraft
17%
66.Team Fortress 2
17%
34.Bloodborne
15%
45.EarthBound
15%
81.Persona 5
15%
91.Undertale
15%
62.Banjo-Kazooie
14%
56.Batman: Arkham City
14%
12.Castlevania: Symphony of the Night
14%
46.Persona 4: Golden
14%
40.Star Wars: Knights of the Old Republic
14%
86.Contra
13%
72.Dota 2
13%
28.Shadow of the Colossus
12%
87.SimCity 2000
12%
97.Warcraft II: Tides of Darkness
11%
98.Galaga
9%
25.Sid Meier's Civilization IV
9%
64.Rock Band
8%
88.Soul Calibur
8%
50.Deus Ex
7%
49.Baldur's Gate II: Shadows of Amn
6%
85.Inside
5%
83.System Shock 2
5%
73.Battlefield 1942
4%
93.Burnout 3: Takedown
4%
54.Journey
4%
74.Suikoden II
4%
75.X-COM: UFO Defense
4%
71.Final Fantasy Tactics
3%
80.Grim Fandango
3%
94.Monkey Island 2: LeChuck's Revenge
3%
68.Spelunky
3%
96.Star Wars: TIE Fighter
3%
95.The Oregon Trail
3%
55.The Witness
3%
69.Thief II: The Metal Age
3%
70.Star Wars Jedi Knight II: Jedi Outcast
2%

Score Distribution

Percentile by Number Answered

Percent of People with Each Score

Your Score History

You have not taken this quiz